Languages With 100K+ Wikipedia Articles - Statistics

General Stats
  • This quiz has been taken 187 times
  • The average score is 43 of 63
Answer Stats
Rank Language Articles % Correct
1 English 6,156,000
99%
5 French 2,248,000
96%
9 Spanish 1,625,000
96%
16 Arabic 1,064,000
94%
4 German 2,478,000
94%
17 Portuguese 1,043,000
94%
7 Russian 1,659,000
94%
14 Chinese 1,145,000
93%
8 Italian 1,634,000
92%
13 Japanese 1,227,000
92%
55 Hindi 141,000
91%
3 Swedish 3,676,000
90%
24 Korean 519,000
89%
6 Dutch 2,031,000
88%
48 Greek 181,000
88%
31 Turkish 364,000
88%
23 Norwegian (Bokmål) 544,000
87%
25 Finnish 492,000
85%
10 Polish 1,426,000
85%
18 Ukrainian 1,042,000
85%
26 Hungarian 475,000
83%
19 Persian 744,000
83%
29 Romanian 411,000
83%
57 Thai 139,000
83%
39 Danish 261,000
82%
27 Czech 462,000
81%
41 Slovak 234,000
81%
45 Estonian 211,000
80%
38 Bulgarian 265,000
79%
66 Latvian 103,000
79%
46 Lithuanian 200,000
78%
33 Malay 343,000
77%
12 Vietnamese 1,255,000
77%
22 Indonesian 545,000
76%
51 Slovene 169,000
76%
21 Serbian 637,000
74%
53 Urdu 157,000
73%
47 Belarusian 195,000
72%
44 Croatian 221,000
72%
37 Hebrew 274,000
70%
42 Kazakh 226,000
67%
36 Armenian 275,000
65%
59 Uzbek 136,000
65%
49 Azerbaijani 172,000
63%
56 Georgian 140,000
63%
67 Cantonese 101,000
61%
62 Tamil 130,000
61%
20 Catalan 656,000
60%
64 Macedonian 107,000
58%
60 Latin 133,000
55%
68 Tajik 101,000
46%
61 Welsh 131,000
44%
32 Basque 364,000
39%
52 Galician 166,000
39%
34 Esperanto 284,000
38%
2 Cebuano 5,362,000
33%
58 Tatar 136,000
26%
30 Southern Min 405,000
19%
65 Asturian 107,000
18%
35 Chechen 283,000
15%
11 Waray 1,264,000
8%
63 Volapük 124,000
4%
43 Minangkabau 224,000
1%
No matching quizzes found
Score Distribution
Percent of People with Each Score
Percentile by Number Answered
Your Score History
You have not taken this quiz